| 000 | 02129nam0a2200385 4500 | ||
|---|---|---|---|
| 001 | RU\NLR\bibl\1487103 | ||
| 005 | 20260407221309.0 | ||
| 021 |
_aRU _b2010-3182 _9195 |
||
| 035 | _a(nilc)LIBNET\0000009816 | ||
| 035 | _a(NLR Aleph) 001478705 | ||
| 090 |
_a1689711 _c1689711 |
||
| 100 | _a20100218d2009 |||y0rusy50 ca | ||
| 101 | 0 | _arus | |
| 102 | _aRU | ||
| 105 | _aa z ||||| | ||
| 200 | 1 |
_aМировой финансовый кризис в условиях глобализации: тенденции, проблемы и пути их решения _eматериалы научно-практической конференции, 24 ноября 2009 г. _f[под общ. ред. В.П. Матвеева] |
|
| 210 |
_aОрел _cКартуш _d2009 |
||
| 215 |
_a191, [1] с. _d21 |
||
| 300 | _aВ надзаг.: Всерос. заоч. финансово-эконом. ин-т, Филиал в г. Орле | ||
| 320 | _aБиблиогр. в конце ст. | ||
| 606 | 1 |
_aФинансовые кризисы _jСъезды, совещания и т.п. _91419193 _3RU\NLR\auth\66598712 |
|
| 606 | 1 |
_aЭкономические кризисы _jСъезды, совещания и т.п. _z2008 - _92551644 _3RU\NLR\auth\661509844 |
|
| 686 |
_a65.9(2Рос)-971 _vLBC/RL _2rubbk |
||
| 686 |
_a65.5-971 _vLBC/RL _2rubbk |
||
| 686 | _aУ26(0)-971я431 | ||
| 686 | _aУ26(2)-971я431 | ||
| 702 | 1 |
_4340 _8rus _7ca _aМатвеев _bВ. П. _f1946- _cканд. филос. наук _gВладимир Павлович _3RU\NLR\auth\7740684 _923635 |
|
| 711 | 1 | 2 |
_a"Мировой финансовый кризис в условиях глобализации: тенденции, проблемы и пути их решения", научно-практическая конференция _f2009 _eОрел _3RU\NLR\AUTH\8810148113 _9790734 |
| 801 | 0 |
_aRU _bОрловская ОПБ _c20100218 _grcr |
|
| 801 | 1 |
_aRU _bОрловская ОПБ _c20100218 _2rusmarc |
|
| 801 | 2 |
_aRU _bNLR _c20100319 _grcr |
|
| 942 | _cBOOK | ||
| 980 | _aNB | ||
| 980 | _aNBR | ||